| 000 | 00550cam a2200181 4500 | ||
|---|---|---|---|
| 001 | D7635 | ||
| 008 | 090401t1979 xxu||||| |||| 00| 0 eng d | ||
| 035 | _a(Sirsi) u8614 | ||
| 041 | _aeng | ||
| 050 | _a333.336 | ||
| 100 | _aOgden, Christine | ||
| 245 | _aBuildings for industry: an appraisal of the performance and supply of user-ready industrial buildings in the public and private sectors, research undertaker and report | ||
| 260 |
_aReading _bCALUS _c1979 |
||
| 300 | _a67p. ill. 30cm | ||
| 350 | _a4.5 | ||
| 942 | _n0 | ||
| 948 | _c04/03/1997 | ||
| 999 |
_c86536 _d86536 |
||